Del vacío de la maternidad, la igualdad y la diferencia /
Salvato in:
| Autore principale: | |
|---|---|
| Natura: | testo |
| Soggetti: | |
| Tags: |
Aggiungi Tag
Nessun Tag, puoi essere il primo ad aggiungerne!!
|
MARC
| LEADER | 00000 a a2200000 04500 | ||
|---|---|---|---|
| 001 | 1163 | ||
| 003 | |||
| 040 | |||
| 100 | |a Sau, Victoria | ||
| 245 | |a Del vacío de la maternidad, la igualdad y la diferencia / |c Victoria Sau | ||
| 650 | |a MUJERES | ||
| 650 | |a SALUD MATERNOINFANTIL | ||
| 650 | |a MADRES | ||
| 773 | |g número 9; páginas 61-75 | ||
| 999 | |c 29815 |d 29815 | ||
